000 00339nam a22001217a 4500
999 _c17681
_d17681
008 221201b ||||| |||| 00| 0 eng d
110 _aLlemit, Lawrence Ralph.
_946940
245 _aE-Cigarette ban in City? /
260 _aPhilippines;
_bSunStar,
_cNovember 21, 2019.
300 _apage 2.
650 _aHealth.
_946941
942 _2ddc
_cPER